000 01189nam a22003977a 4500
003 CHAP
005 20220817044107.0
008 060405d2005 it rn 00110 eng d
010 _a91998
011 _a92970
020 _a9251053626
035 _a103537
040 _cCHAP
082 0 4 _a639.2
_bF3 v.476
110 2 _aFAO
245 1 0 _aIntroductions and movement of two penaeid shrimp species in Asia and the pacific
_c/by Mathew Briggs {and others}
260 _aRome :
_bFAO,
_c2005.
300 _a78 p.
410 2 0 _aFAO
490 0 _aDocumento técnico de pesca
_v; 476
590 _aBATCH-UPD
_b10
_c20130110
_lUCH01
_h0727
590 _aBATCH-UPD
_b10
_c20130410
_lUCH01
_h0411
590 _aBATCH-UPD
_b10
_c20130914
_lUCH01
_h0749
590 _aCONVERSION
_b10
_c20130109
_lUCH01
_h1351
650 1 4 _aCamarón.
_917762
650 1 4 _aCamarón
_xMercadeo.
_917766
650 1 4 _aPesca.
650 1 4 _aPesca
_xAsia.
_987359
700 1 _aBriggs, Matthew.
_915344
810 0 _aFAO
830 0 0 _aDocumento técnico de pesca
_v; 476
_933242
901 _aBK
905 _aLilia
942 _cLIBRO
949 _a639.2 F3 v.476
_bBC
_cFAO
_d33724000984795
_eFAO1
_h107925
_i103537
_sb
999 _c91998
_d91998